000 00573nam a22002297a 4500
003 UA-OsUOA
001 24845
007 ta
008 20040303b un ||||| |||| 00| 0 ukr d
090 _a342.7
_bП68
942 _cBK
040 _aUA-OsUOA
_bukr
_cUA-OsUOA
_dUA-OsUOA
245 _aПрава дитини
_bАдаптований переказ Конвенції ООН про права дитини
300 _a53 с.
955 _a0
041 _aukr
080 _a342.7
260 _aКиїв
_c2000
044 _aUA
650 7 _2UDC
999 _c311131
_d311131